• 首页
  • 本馆介绍
  • 公告通知
  • 最新文献
  • 馆藏检索
  • 电子资源
  • 读者导购
  • 参考咨询
  • 我的图书馆
  • 登录
  • 详细信息显示
  • 放入我的书架
  • 预约/预借图书
  • 作者相关作品
  • 分类相关作品
  • 丛书相关作品
  • 出版社相关作品

书目信息

  • 表格格式
  • 工作单格式
  • 卡片格式
题名:
低压触电保安器
    
 
作者:
分册:  
出版信息: 北京   水利电力出版社  1975
页数: 116页
开本: 19cm
丛书名:
单 册:
中图分类: TM52
科图分类:
主题词: 低压电器
电子资源:
ISBN: 15143.3173
000 00544nam0 2200217 450
001 0175002256
005 20100712215024.0
010    @a15143.3173@dCNY0.28
091    @a15143.3173
100    @a19951010d1975 em y0chiy0110 ea
101 0  @achi
102    @aCN@b110000
105    @ay z 000yy
106    @ar
200 1  @a低压触电保安器@9Di Ya Chu Dian Bao An Qi
210    @a北京@c水利电力出版社@d1975
215    @a116页@d19cm
606 0  @a低压电器
690    @aTM52@v3
801  0 @aCN@bAzMarc@c20130904
905    @aBZT@dTM52@e3@f1@sTM52/3
    
    低压触电保安器.-北京:水利电力出版社,1975
    116页;19cm
    
    
    ISBN 15143.3173:CNY0.28
    
●
相关链接 在五车中查询图书 在当当中查询图书 在豆瓣中查询图书


正题名:低压触电保安器     索取号:TM52/3         预约/预借

序号 登录号 条形码 馆藏地/架位号 状态 备注
1 2000147750   2000147750   旧书回溯/ [索取号:TM52/3] 在馆    
山东省滨州职业学院图书馆 欢迎您!
大连网信软件有限公司© 版权所有